Extraterrestres, de A à Z - Statistiques

Statistiques générales
  • Ce quiz a été pris 51 fois
  • Le résultat moyen est 14 sur 26
Statistiques - réponses
Indices Réponses % Correct
Nom générique donné aux extraterrestres par les anglophones Alien
91%
Ce pays d'Amérique du Sud serait particulièrement touché par les visites extraterrestres Brésil
81%
Agence de renseignements américaine au centre de nombreuses théories du complot en lien avec les extraterrestres CIA
81%
Prénom du petit garçon se liant d'amitié avec E.T dans le film éponyme Elliott
70%
Couleur désignant une variété d'extraterrestres souvent représentée comme étant de petite taille Gris
70%
Agence gouvernementale américaine ayant apporté son expertise dans les recherches sur les phénomènes spatiaux inexpliqués NASA
70%
Sigle désignant principalement les vaisseaux extraterrestres OVNI
70%
Série américaine dans laquelle les extraterrestres sont des reptiles copiant l'apparence humaine pour envahir la Terre V
70%
Cette petite fille hawaïenne devient amie avec un extraterrestre dans un classique de Disney Lilo
65%
Base ultra secrète américaine dans laquelle se dérouleraient des expériences en lien avec les extraterrestres Zone 51
65%
Nombreux sont ceux qui cherchent à savoir sur laquelle les extraterrestres résident Planète
63%
Selon de nombreux témoignages, ces éléments de leur anatomie seraient particulièrement grands et noirs Yeux
60%
Il est tellement vaste que selon certaines théories, la probabilité d'une vie extraterrestre serait grande Univers
58%
Les extraterrestres de forme humanoïde sont souvent représentés avec ce nombre de doigts Quatre
56%
Selon tout bon récit de science fiction, celle des extraterrestres serait très avancée Technologie
56%
Dans cette série d'animation, les extraterrestres posent une sonde à Cartman dès le premier épisode South Park
51%
Le Dr Zoïdberg est issu d'une race extraterrestre dans cette série du créateur des Simpson Futurama
47%
Film de Tim Burton dans lequel les extraterrestres sont particulièrement cyniques et moqueurs, Jack Nicholson y est président Mars Attacks
47%
Ville du Nouveau Mexique célèbre pour l'hypothétique crash d'un vaisseau extraterrestre survenu à proximité Roswell
47%
Il incarna un extraterrestre dans le film "La soupe aux choux" Jacques Villeret
42%
Serie TV créée par Chris Carter et dont l'intrigue est centrée sur un complot du gouvernement impliquant des extraterrestres XFiles
37%
Appelés MIB en anglais, ils seraient régulièrement aperçus à proximité de lieux en lien avec des phénomènes extraterrestres Hommes en noir
35%
Dans ce blockbuster, Will Smith et Jeff Goldblum font face à la menace extraterrestre Independence Day
30%
Personnage principal de la série "les envahisseurs" qui lutte contre l'invasion extraterrestre, aucun lien avec Francky David Vincent
23%
Acteur jouant un extraterrestre dans le film "Le jour où la Terre s'arrêta" Keanu Reeves
21%
Nom du narrateur de la "Guerre des Mondes" qui lors de sa diffusion radio fit croire à tort à une réelle invasion extraterrestre Welles
19%
Aucun quiz correspondant
Distribution des résultats
% des personnes avec chaque résultat
Percentile par nombre de réponses
Votre historique - résultats
Vous n’avez pas pris ce quiz